Statistieken voor FIFA Wereldbeker 2010 teams

Klik hier om de quiz te nemen!

Algemene statistieken

  • Deze quiz is 84 keer genomen
  • De gemiddelde score is 21 van 32

Antwoordstatistieken

GroupTeam% Correct
Group ENederland
98%
Group HSpanje
96%
Group DDuitsland
93%
Group GBrazilië
91%
Group BArgentinië
89%
Group GPortugal
88%
Group AFrankrijk
86%
Group CEngeland
84%
Group EJapan
79%
Group AZuid-Afrika
79%
Group DAustralië
77%
Group FItalië
77%
Group AUruguay
75%
Group BZuid-Korea
74%
Group CVerenigde Staten
70%
Group AMexico
68%
Group HChili
67%
Group EDenemarken
65%
Group EKameroen
65%
Group DGhana
56%
Group HZwitserland
54%
Group BGriekenland
53%
Group FNieuw-Zeeland
49%
Group BNigeria
49%
Group GNoord-Korea
46%
Group FParaguay
44%
Group DServië
42%
Group FSlowakije
42%
Group GIvoorkust
40%
Group CSlovenië
37%
Group HHonduras
35%
Group CAlgerije
32%

Scoreverdeling

Percentiel versus Aantal Correcte Antwoorden

Procent van Mensen met Elke Score

Uw Scoregeschiedenis

U heeft deze quiz nog niet genomen